000
00267nam a22001217a 4500
008
171006b xxu||||| |||| 00| 0 eng d
041
_a
eng
080
_2
11TH
_a
159.9
100
_a
49
101
_a
PSI
245
_a
PSYCHOLOGY AND LIFE
_c
FRASER,S.C
942
_2
udc
_c
BK
999
_c
32158
_d
32158